| 000 | 00440nam a2200169Ia 4500 | ||
|---|---|---|---|
| 003 | GCL | ||
| 008 | 140319s9999 xx 000 0 eng d | ||
| 040 |
_aGCL / _cGCL |
||
| 082 | 0 | 4 |
_a501 _bT R |
| 100 | 1 | _aTRIGG, ROGER | |
| 245 | 1 | 0 |
_aRATIONALITY AND SCIENCE: CAN SCIENCE EXPLAIN EVERY THING / _cTRIGG, ROGER |
| 260 |
_a[S.N] : _bBLACK WELL ، _c1994 |
||
| 300 | _a248 P | ||
| 650 | 0 | 4 | _aSCIENCE |
| 650 | 0 | 4 | _aPHILOSOPHY |
| 942 |
_2ddc _cBK |
||
| 999 |
_c10382 _d10382 |
||